000 00779nam a22002777a 4500
001 BR0201384
003 BR-BrBNA
005 20230928101038.0
007 ta
008 230509b bl.||||| |||| 00| 0 por d
040 _aBR-BrBNA
_bpor
_cBiblioteca Nacional de Agricultura
041 _a(Por)
072 _aE50
090 _ E50 BR0201384
110 1 _aServiço de Apoio às Micro e Pequenas Empresas do Distrito Federal, Brasília, DF (Brasil)
_99296
245 1 _aTurismo rural e gestão ambiental
260 3 _aBrasília, DF (Brasil):
_c2000.
300 _avp.
650 _aTURISMO
650 _aPROPRIEDADE RURAL
650 _aADMINISTRAÇÃO
650 _aMEIO AMBIENTE
650 _aDISTRITO FEDERAL
909 _a202309
_bLucia
_c55
_dLucia Elande
942 _cBK
999 _c64015
_d64015